Statistiques concernant Mathématiques par lettre - N

Cliquez ici pour prendre le quiz!

Statistiques générales

  • Ce quiz a été pris 489 fois
  • Le résultat moyen est 10 sur 15

Statistiques - réponses

HintRéponse% Correct
Carré de 3Neuf
97%
Synonyme de 0Nul
97%
Nombre en haut dans une fractionNumérateur
93%
Nombre inférieur à 0Négatif
92%
Ensemble d'entiers noté NNaturel
75%
Quantité suffisamment petite pour être ignorée dans la suite du calculNégligeable
68%
Le 0 pour l'addition ou le 1 pour la multiplicationNeutre
68%
S'exprime par une suite de chiffresNombre
66%
En informatique, notification d'une forme indéterminéeNaN / Not a Number
65%
Facteur multiplicatif par 1/ 1 000 000 000Nano
63%
La formule du binôme porte son nomNewton
63%
Opérateur logique inversant une propositionNégation
41%
Synonyme de perpendiculaireNormale
38%
Élément a d'un anneau tel qu'il existe un entier naturel non nul n pour lequel a^n = 0Nilpotent
24%
Opérateur différentiel du premier degréNabla
19%

Distribution des résultats

Percentile par nombre de réponses

% des personnes avec chaque résultat

Votre développement - résultats

Vous n’avez pas pris ce quiz